000 00518nam a2200157 4500
999 _c80367
_d80367
008 201207b ||||| |||| 00| 0 eng d
040 _bger
_cSTAFF
_erda
_aSTAFF
041 _ager
100 _aReich, Ines
245 _aDie sowjetische Militärspionageabwehr Smersch in Potsdam/
_cInes Reich
773 _dBerlin: Die Mark Brandenburg - Verlag für Regional- und Zeitgeschichte
_g(2020) Sonderheft, S. 40-47
_tDie Mark Brandenburg
942 _cA